Vállalási határidő optimális kijelölése

Elmentve itt :
Bibliográfiai részletek
Szerző: Hefner Róbert
További közreműködők: Kovács Zoltán (Témavezető)
Dokumentumtípus: Szakdolgozat
Megjelent: 2007-06-18
Tárgyszavak:
Online Access:http://diploma.bibl.u-szeged.hu/3044
LEADER 00799nta a2200181 i 4500
001 dipl3044
005 20130314072139.0
008 110422s2007 hu om 0|| hun d
040 |a SZTE Diploma Repozitórium  |b hun 
041 |a hun 
100 1 |a Hefner Róbert 
245 1 0 |a Vállalási határidő optimális kijelölése  |h [elektronikus dokumentum] /  |c Róbert Hefner 
260 |c 2007-06-18 
650 4 |a Informatika 
700 1 |a Kovács Zoltán  |e ths 
856 4 0 |u http://diploma.bibl.u-szeged.hu/id/eprint/3044/1/Hefner_Robert_diplomamunka.pdf  |z Dokumentum-elérés  
856 4 0 |u http://diploma.bibl.u-szeged.hu/id/eprint/3044/2/2007_hefner_robert_07_42_melleklet.tar.gz  |z Dokumentum-elérés  
856 4 0 |u http://diploma.bibl.u-szeged.hu/id/eprint/3044/3/2007_hefner_robert_07_42_biralat.pdf  |z Dokumentum-elérés